000 00494nam a22001577a 4500
003 OSt
005 20151117143858.0
008 151117b xxu||||| |||| 00| 0 eng d
040 _cRUA
082 _aFIS ឃិន​ 1992 B146 Or.1
100 _93794
_aឃិន វ៉េង
245 _aInundated forest in takeo province, ព្រៃលិចទឹកក្នុងខេត្តតាកែវ.
260 _aPhnom Penh
_bRUA
_c1992
300 _a116p.
_bill.
_c29cm.
942 _2ddc
_cFIS
999 _c3528
_d3528